1102 1129 1958 1012 1403 1273 1162 1003 1791 1897 1005 1529 1277 1490 1399 1882 1310 1468 1378 1211 1527 1807 1368 1733 1176 1151 1220 1678 1070 1727 1808 1972 1620 1385 1921 1779 1080 1137 1396 1607 1498 1754 1438 1216 1598 1979 1551 1523 1390 1169 1505 1759 1534 1034 1765 1503 1399 1982 1687 1346 1140 1691 1274 1863 1122 1976 1981 1212 1629 1445 1888 1658 1204 1124 1837 1176 1795 1669 1081 1734 1564 1832 1443 1059 1291 1466 1452 1466 1764 1547 1060 1578 1591 1924 1778 1878 1366 1887 1754 BCNSPRNW ULIB Ver.6.0+V

เปลี่ยนเป็นภาษาไทย

Change to English
 แสดงรายละเอียดบรรณานุกรม
  กลับหน้าหลัก

Brief Record : Get Marc (ISO 2709) : E-mail record : QR code < ปิดหน้าต่าง
LEADER : 00000nam 2200000uu 4500
001    13399125645
003     ULIB
008    170713s||||||||th 000 0 tha d
020    ^a9786162104015
040    ^acl
060 04 ^aWG120^bป231ฮ
100 0  ^aประชา กัญญาประสิทธิ์.
245 10 ^aฮือฮาสูตรยาหมอเบิร์ด ล้างเส้นเลือดให้เรียบใสใน 3 เดือน /^cประชากัญญาประสิทธิ์ รวบรวมและเรียบเรียง : พินิจ จันทร, ถนอมศักดิ์ จิรายุสวัสดิ์
260    ^aกรุงเทพฯ :^bปัญญาชน,^c2558
300    ^a152 หน้า :^bภาพประกอบ ;^c21 ซม.
505 0  ^aรู้ทันโรคอัมพฤกษ์ อัมพาต -- สุดยอด 3 สมุนไพรหมอเบิร์ด
650  0 ^aParalysis
650  0 ^aCerebrovascular disease
650  0 ^aCardiovascular system^xDiseases^xNutritional aspects.
650  0 ^aHerbs
650  4 ^aอัมพาต
650  4 ^aหลอดเลือดสมอง^xโรค
650  4 ^aระบบหัวใจและหลอดเลือด^xโรค^xโภชนาการ
650  4 ^aสมุนไพร^xการใช้รักษา
700 0  ^aพินิจ จันทร.
700 0  ^aถนอมศักดิ์ จิรายุสวัสดิ์.
945    ^p125^l0^i002623
999    ^aประนอม เกษจรัล
รายการนี้ยังไม่มีแท็ก
คุณยังไม่ได้ล็อกอิน คุณสามารถมีกิจกรรมร่วมกับเว็บไซต์ได้ แต่ต้องล็อกอินก่อน ::
  ล็อกอิน

รายการสื่อสารสนเทศ

ลำดับที่ ประเภท เลขเรียก/บาร์โค้ด สถานที่ สถานะ
1. วิทยาศาสตร์การแพทย์ และสุขภาพ
วิทยาศาสตร์การแพทย์ และสุขภาพ
สถานะ=หนังสือเก่า
WG120 ป231ฮ ฉ.1 
  Barcode: 002623
ห้องสมุดวิทยาเขตสวรรค์ประชารักษ์
►ส่วนจัดเก็บหนังสือเก่า สปร
บนชั้น
  ขอยืม

รายการใกล้เคียง
    ผู้แต่ง [ประชา กัญญาประสิทธิ์.]

    หัวเรื่อง [Paralysis]
    หัวเรื่อง [Cerebrovascular disease]
    หัวเรื่อง [Herbs]
    หัวเรื่อง [อัมพาต]

BibComment


ยังไม่เคยถูกคอมเมนท์

คอมเมนท์ทรัพยากรรายการนี้
  คอมเมนท์: ฮือฮาสูตรยาหมอเบ..


 Copyright 2026. Bcnsprnw @Library